| 000 | 00956cab a2200241 4500 | ||
|---|---|---|---|
| 001 | ABS39452 | ||
| 008 | 090401t1988 xxu||||| |||| 00| 0 eng d | ||
| 035 | _a(Sirsi) u16855 | ||
| 041 | _aeng | ||
| 100 | _aHarris, P.J. | ||
| 245 | _aArchitects` certificates: the need for impartiality | ||
| 260 | _c1988 | ||
| 350 | _a0 | ||
| 490 |
_aBuilding Technology & Management _v26(4) August/September 1988, 27-28(2) |
||
| 520 | _aBriefly discusses the case Michael Sallis and Co Ltd v E C A Calil and William F Newman and Associates (1987) (See WB2416-02) in which it was held that an architect in his role as independent decision maker during a building contract did owe a duty of care to the building contractor under JCT 1963 . | ||
| 650 | _aARCHITECTS' CERTIFICATES | ||
| 650 | _aECONOMIC LOSS | ||
| 650 | _aEXTENSION OF TIME | ||
| 650 | _aNEGLIGENCE | ||
| 690 | _aBUILT ENVIRONMENT-BUILDING CONTRACT FORMS | ||
| 942 | _n0 | ||
| 948 | _c04/03/1997 | ||
| 999 |
_c11157 _d11157 |
||